000 00549nam a2200205Ia 4500
005 20250923144314.0
008 008 250917s9999 xx 000 0 eng d
037 _aTextual
040 _aDSWL
_beng
_cDSWL
041 _aeng
_2eng
084 _aL:5, H7
_qDSWL
100 _aGrundy, Fred
_9823465
245 0 _aHandbook of social medicine
_cby Fred Grundy
260 _aLondon
_bBamforth
_c1947
300 _a179 p.
365 _aINR
_b8. 6
925 _g8. 6
942 _cTEXL
_hL:5, H7
999 _c1437230
_d1437230